000 00807nam a2200301Ia 4500
001 Z_3504
003 CHAP
008 220113s1995 xx 000 0 und d
010 _a166618
040 _cCHAP
082 _a636.085 R65
100 _aRonda Latinoamericana de Alltech (5 : 1995 : Brasil)
_9140707
245 _aBiotecnología en la industria de la alimentación animal /
_cpor ALLTECH
260 _aBrasil :
_bAlltech,
_c1995
300 _a110 p.
440 _a
500 _a
503 _a
650 _aAlimentos y alimentación del ganado
_xIndustria
_94337
650 _aEnzimas en alimentación animal
_9140708
650 _aLevadura en alimentación animal
_9139292
901 _a636.085 R65
902 _aA
910 _a1995
942 _c1
942 _cc1
999 _c166618
_d166618